Score 0/29 Timer 02:00
0 Plays Today
Clue 4-Letter Word % Correct
Santa lives at the North onePOLE
99.7%
The answer to #1POLE
99.7%
Opposite of leastMOST
91%
Lacking colorPALE
90.3%
One's superior, at workBOSS
89.3%
Supporters of a teamFANS
88.9%
FinishedDONE
88.6%
It can grow on tree trunksMOSS
87.8%
FriendsPALS
87.5%
Black, brown, or grizzly, e.g.BEAR
85.6%
Spray of waterMIST
85.4%
A popular gum flavorMINT
85.2%
Payment for violationFINE
84.8%
Sternum or scapula, e.g.BONE
83.6%
RipTEAR
82.5%
Clue 4-Letter Word % Correct
What joints doBEND
82%
To eatDINE
81.9%
Audio equipment companyBOSE
81.5%
To fixMEND
80.5%
Blue-green colorTEAL
79.3%
The brain, colloquiallyMIND
79%
Barbie or Ken, e.g.DOLL
78.9%
Gives a bad review toPANS
77.4%
A brand of computerDELL
77.4%
Feature of a 50's autoFINS
76.8%
A component of a necklaceBEAD
76.4%
Pineapple companyDOLE
74.5%
Food of killer whalesSEAL
71.1%
To exchange for moneySELL
70.2%

Today's Daily Dose

Missing Word
'T' Pairs

Word Ladder
Game Pieces

Get the Picture
Baseball Movies

Remove Ads.
Support Sporcle.
Get the best of Sporcle when you Go Orange. This ad-free experience offers more features, more stats, and more fun while also helping to support Sporcle. Thank you for becoming a member.

You're not logged in!

Compare scores with friends on all Sporcle quizzes.
OR
Log In

Show Comments

Extras

Top Quizzes Today


Score Distribution

Your Account Isn't Verified!

In order to create a playlist on Sporcle, you need to verify the email address you used during registration. Go to your Sporcle Settings to finish the process.

Report this User

Report this user for behavior that violates our Community Guidelines.

Details: